[Event "Bronshoj Lang Weekend 2012"]
[Site "Copenhagen DEN"]
[Date "2012.02.13"]
[Round "7"]
[White "Rostgaard,T"]
[Black "Carstensen,J"]
[Result "0-1"]
[WhiteElo "2232"]
[BlackElo "2322"]

1.d4 Nf6 2.Bg5 Ne4 3.Bf4 c5 4.f3 Qa5+ 5.c3 Nf6 6.Nd2 cxd4 7.Nb3 Qf5 8.Bxb8 Rxb8
9.cxd4 e5 10.a3 e4 11.Qc2 d5 12.Qc7 Ra8 13.g3 Qd7 14.Qc3 Bd6 15.Bh3 Qd8 16.Rc1 Bxh3
17.Nxh3 O-O 18.O-O Qd7 19.Nf2 Rac8 20.Qe3 Rce8 21.f4 h5 22.Nc5 Qe7 23.Rc3 b6
24.Nb3 Qd7 25.Rfc1 g6 26.Rc6 Kg7 27.R1c3 Ng8 28.Qc1 Ne7 29.Rc7 Bxc7 30.Rxc7 Qb5  0-1

[Event "ch-ROU Men 2012"]
[Site "Sarata Monteoru ROU"]
[Date "2012.02.16"]
[Round "5.23"]
[White "Varlan,HI"]
[Black "Acsinte,M"]
[Result "1/2-1/2"]
[WhiteElo "2184"]
[BlackElo "1997"]

1.d4 Nf6 2.Bg5 Ne4 3.Bf4 g5 4.Be5 Nf6 5.d5 Bg7 6.c4 e6 7.Bc3 O-O 8.h4 g4
9.g3 d6 10.Bg2 exd5 11.cxd5 Bf5 12.Nd2 Nbd7 13.Nc4 Re8 14.Ne3 Bg6  1/2-1/2

[Event "e2e4 Brighton Masters"]
[Site "Brighton ENG"]
[Date "2012.02.18"]
[Round "7"]
[White "Bigg,A"]
[Black "White,Mi"]
[Result "1-0"]
[WhiteElo "2304"]
[BlackElo "2229"]

1.d4 Nf6 2.Bg5 Ne4 3.Bf4 c5 4.f3 Qa5+ 5.c3 Nf6 6.d5 Qb6 7.b3 e6 8.e4 exd5
9.exd5 Bd6 10.Bg5 Be7 11.Na3 d6 12.Nc4 Qd8 13.a4 O-O 14.Be3 Re8 15.Qd2 Na6
16.Nb2 Nc7 17.c4 Bf5 18.Kf2 Nh5 19.Bd3 Qd7 20.Ne2 Bxd3 21.Nxd3 Bf6 22.Rae1 a6
23.g4 Bh4+ 24.Ng3 Nf6 25.Bg5 Bxg5 26.Qxg5 h6 27.Qd2 b5 28.Qc2 bxc4 29.bxc4 Rab8
30.h4 Rxe1 31.Rxe1 Nce8 32.Nf5 h5 33.Re7 Qc8 34.Ra7 Kf8 35.Qe2 Rb7 36.Rxb7 Qxb7
37.a5 Ng8 38.Qxe8+  1-0

[Event "Bunratty Open"]
[Site "Bunratty IRL"]
[Date "2012.02.19"]
[Round "5"]
[White "Trent,L"]
[Black "Galego,L"]
[Result "0-1"]
[WhiteElo "2433"]
[BlackElo "2481"]

1.d4 Nf6 2.Bg5 Ne4 3.Bf4 d5 4.e3 c6 5.Nd2 Nxd2 6.Qxd2 Bf5 7.Ne2 Nd7 8.Ng3 Bg6
9.h4 f6 10.e4 e5 11.dxe5 fxe5 12.Bg5 Qb6 13.O-O-O d4 14.Bc4 Qc5 15.Qe2 h6
16.h5 Bh7 17.Bh4 Be7 18.Nf5 Bxf5 19.exf5 O-O-O 20.Be6 Kb8 21.Bg3 Bf6 22.Rhe1 Rhe8
23.Kb1 Ka8 24.Qe4 Re7 25.Bxd7 Rdxd7 26.Rd3 a6 27.f3 Qc4 28.Bh4 Qf7 29.Bxf6 gxf6
30.Qg4 c5 31.Qg6 Qf8 32.Qg3 c4 33.Ra3 c3 34.Rb3 cxb2 35.Qf2 Rc7 36.Qd2 Rc4
37.g4 Rec7 38.Rxb2 Rc3 39.f4 Qc5 40.fxe5 fxe5 41.Qxh6 Rxc2 42.Rb3 Qa5 43.Qf8+ Ka7  0-1

[Event "ch-Central Serbia 2012"]
[Site "Pozarevac SRB"]
[Date "2012.02.19"]
[Round "9.19"]
[White "Zivkovic,Ma"]
[Black "Rajkovic,Ljubi"]
[Result "1-0"]
[WhiteElo "2130"]
[BlackElo "2188"]

1.d4 Nf6 2.Bg5 Ne4 3.Bh4 d5 4.Nd2 Nxd2 5.Qxd2 c6 6.e3 Qb6 7.c3 Bf5 8.Nf3 Nd7
9.Be2 e6 10.Bg3 Be7 11.Nh4 Bg6 12.Nxg6 hxg6 13.h3 g5 14.f3 a5 15.Bd3 a4 16.Rb1 Qa5
17.O-O Qd8 18.e4 Nf6 19.Rbe1 Nh5 20.Bh2 O-O 21.g4 Nf6 22.e5 Ne8 23.f4 gxf4
24.Bxf4 c5 25.Bb1 Rc8 26.Rc1 a3 27.b3 g6 28.Kg2 Ng7 29.Bd3 cxd4 30.cxd4 Rxc1
31.Rxc1 Qb6 32.Be3 Rb8 33.Qc2 Ne8 34.Rf1 Ng7 35.Rc1 Ne8 36.h4 Qd8 37.Bh6 Rc8  1-0

[Event "ch-ROU Men 2012"]
[Site "Sarata Monteoru ROU"]
[Date "2012.02.20"]
[Round "10.46"]
[White "Olinici,Emanuel"]
[Black "Toma,Mih"]
[Result "1/2-1/2"]
[WhiteElo "1794"]
[BlackElo "1964"]

1.d4 Nf6 2.Bg5 Ne4 3.Bf4 d5 4.Nf3 f6 5.Nbd2 g5 6.Bg3 Nd6 7.e3 h5 8.Bxd6 Qxd6
9.Bd3 Be6 10.Bg6+ Bf7 11.Bxf7+ Kxf7 12.h3 Nd7 13.c4 c6 14.Qb3 b6 15.Rc1 e6
16.a3 Be7 17.cxd5 cxd5 18.g4 h4 19.Ng1 Rhc8 20.Ne2 Rxc1+ 21.Nxc1 Rc8 22.Nd3 Qc6
23.Ke2 Bd6 24.Rc1 Qb7 25.Rc3 Rxc3 26.Qxc3 Qc7 27.Qxc7 Bxc7 28.Nb4 Nb8 29.Nf1 a5
30.Nd3 Nc6 31.f3  1/2-1/2

[Event "3rd Jerry Hanken FIDE Open"]
[Site "Stillwater USA"]
[Date "2012.02.20"]
[Round "8.4"]
[White "Patton,T"]
[Black "Veal,J"]
[Result "1/2-1/2"]
[WhiteElo "2076"]
[BlackElo "1962"]

1.d4 Nf6 2.Bg5 Ne4 3.Be3 d5 4.g3 Bf5 5.Bg2 e6 6.Nf3 h6 7.O-O Bd6 8.Nbd2 Nxd2
9.Qxd2 Nd7 10.c4 c6 11.c5 Bc7 12.b4 O-O 13.Nh4 Bh7 14.f4 Nf6 15.a4 Be4 16.Bh3 Qe7
17.Ra2 Nd7 18.Rb2 Rab8 19.Rb3 Kh7 20.b5 f5 21.Nf3 Rg8 22.Bg2 Nf6 23.Ne5 Bxe5
24.dxe5 Nd7 25.Bxe4 fxe4 26.bxc6 bxc6 27.Rfb1 Rxb3 28.Rxb3 Rb8 29.Rxb8 Nxb8
30.Qb4 Qc7 31.Kf2 h5  1/2-1/2

[Event "2nd HD Bank Cup 2012"]
[Site "Ho Chi Minh City VIE"]
[Date "2012.03.04"]
[Round "5.15"]
[White "Nguyen Van Hai"]
[Black "Diu,V"]
[Result "1/2-1/2"]
[WhiteElo "2311"]
[BlackElo "2486"]

1.d4 Nf6 2.Bg5 Ne4 3.Bf4 c5 4.f3 Qa5+ 5.c3 Nf6 6.d5 Qb6 7.Bc1 e6 8.c4 exd5
9.cxd5 c4 10.e3 Bc5 11.Kf2 Qc7 12.Bxc4 Bxe3+ 13.Bxe3 Qxc4 14.Nc3 d6 15.Rc1 O-O
16.Nge2 Nbd7 17.Qb3 Qxb3 18.axb3 Nc5 19.Bxc5 dxc5 20.Ne4 Nxe4+ 21.fxe4 b6
22.Rhe1 f6 23.h3 Re8 24.Nc3 Bd7 25.g4 Re5 26.Ra1 a5 27.Re3 Kf8 28.Nb1 Rae8
29.Nd2 Bb5 30.Kf3 Ke7 31.h4 Kd6 32.h5 g6 33.hxg6 hxg6 34.Nc4+ Bxc4 35.bxc4 f5
36.Rae1 fxe4+ 37.Rxe4 b5 38.Rxe5 Rxe5 39.Rxe5 Kxe5 40.cxb5 Kxd5 41.Ke3 c4
42.b6 Kc6 43.Kd4 Kxb6 44.Kxc4 g5  1/2-1/2

[Event "TCh-AUT 2 Mitte 2011-12"]
[Site "St. Veit AUT"]
[Date "2012.03.04"]
[Round "9"]
[White "Webersberger,J"]
[Black "Krebs,Jo"]
[Result "1-0"]
[WhiteElo "2380"]
[BlackElo "2284"]

1.d4 Nf6 2.Bg5 Ne4 3.Bf4 c5 4.f3 Nf6 5.dxc5 b6 6.c6 Nxc6 7.e4 e5 8.Bg5 h6
9.Bxf6 Qxf6 10.Nc3 Bb4 11.Bc4 Nd4 12.Ne2 Nxe2 13.Qxe2 Bxc3+ 14.bxc3 Qh4+
15.g3 Qh3 16.O-O-O Bb7 17.g4 Qh4 18.Bxf7+ Kxf7 19.Rxd7+ Kg6 20.Rxb7 Rhd8
21.Kb2 Qf6 22.Rd1 Qc6 23.Rxd8 Rxd8 24.Rxa7 Qc5 25.Ra4 Qg1 26.Qc4 Rd1 27.Qe6+  1-0

[Event "PriFO Champ RUS 2012"]
[Site "Tolyatti RUS"]
[Date "2012.03.04"]
[Round "7.32"]
[White "Khairullin,A"]
[Black "Safiullin,R"]
[Result "1-0"]
[WhiteElo "1998"]
[BlackElo "2264"]

1.d4 Nf6 2.Bg5 Ne4 3.Bf4 d5 4.e3 c5 5.c3 Nc6 6.Bd3 cxd4 7.exd4 e6 8.Qc2 Nf6
9.Nf3 Be7 10.O-O h6 11.Re1 O-O 12.Nbd2 Bd7 13.h3 Rc8 14.Qd1 Nh7 15.Bb1 Ng5
16.Ne5 Be8 17.Nf1 f5 18.Nd3 Bf7 19.Qe2 Ne4 20.Bh2 Qe8 21.f3 Nf6 22.Nf4 e5
23.dxe5 Bc5+ 24.Kh1 g5 25.Nd3 Bb6 26.exf6 Qxe2 27.Rxe2 Rfe8 28.Rxe8+ Rxe8
29.Bc2 d4 30.Ng3 dxc3 31.bxc3 Ba5 32.Nb4 Nxb4 33.cxb4 Bxb4 34.Nxf5 Re2 35.Nxh6+ Kf8
36.Ba4 Rd2 37.Rb1 a5 38.a3  1-0

[Event "2nd HD Bank Cup 2012"]
[Site "Ho Chi Minh City VIE"]
[Date "2012.03.06"]
[Round "8.15"]
[White "Bui Vinh"]
[Black "Le Kieu Thien Kim"]
[Result "1-0"]
[WhiteElo "2463"]
[BlackElo "2230"]

1.d4 Nf6 2.Bg5 Ne4 3.Bf4 d5 4.e3 c5 5.Bd3 Qb6 6.Bxe4 dxe4 7.Nc3 cxd4 8.Qxd4 Qxd4
9.exd4 Bf5 10.O-O-O e6 11.Nge2 Bb4 12.a3 Ba5 13.Bd6 Nc6 14.b4 Bb6 15.Bc5 Bd8
16.d5 exd5 17.Nxd5 b6 18.Bd6 Bg4 19.Rd2 Rc8 20.Ng3 Be6 21.Nxe4 f5 22.Nec3 Kf7
23.Re1 g5 24.f4 g4 25.Nb5 Bf6 26.Nxf6 Kxf6 27.Nc7  1-0

[Event "TCh-FIN SM-Liiga 2011-12"]
[Site "Helsinki FIN"]
[Date "2012.03.11"]
[Round "11.3"]
[White "Karttunen,M"]
[Black "Seeman,T"]
[Result "1-0"]
[WhiteElo "2423"]
[BlackElo "2405"]

1.d4 Nf6 2.Bg5 Ne4 3.Bf4 d6 4.f3 Nf6 5.e4 Nbd7 6.Ne2 e5 7.Bg5 Be7 8.Ng3 h6
9.Be3 d5 10.dxe5 Nxe5 11.Bd4 Nc6 12.e5 Nxd4 13.Qxd4 O-O 14.exf6 Bxf6 15.Qb4 c5
16.Qa3 b5 17.c3 b4 18.cxb4 cxb4 19.Qb3 Re8+ 20.Kd1 Bd7 21.Nd2 Qa5 22.a4 Bxb2
23.Qxb2 Bxa4+ 24.Rxa4 Qxa4+ 25.Qb3 Qa1+ 26.Qb1 Qa4+ 27.Nb3 Rac8 28.Bd3 Rc3
29.Bc2 Rec8 30.Qa1 Qc6 31.Nf5 Qf6 32.Re1 Kh8 33.Nfd4 Qh4 34.Qa4 g6 35.Re8+ Rxe8
36.Qxe8+ Kg7 37.Qe5+ Qf6 38.Qxd5 Rc8 39.Qb7 Rd8 40.Qxb4 a5 41.Qxa5 Rxd4+
42.Nxd4 Qxd4+ 43.Ke2 Qg1 44.Qe5+ Kh7 45.Qg3 Qc5 46.Bd3 Qe7+ 47.Kf1 Kg7 48.Qf4 Qc5
49.g4 Qc3 50.Bc4 Qa1+ 51.Kg2 Qb2+ 52.Kg3 Qb7 53.Qe5+ Kg8 54.Qf6 Qc7+ 55.Qf4  1-0

[Event "Reykjavik Open"]
[Site "Reykjavik ISL"]
[Date "2012.03.11"]
[Round "6.49"]
[White "Marzano,C"]
[Black "Zachariassen,J"]
[Result "1-0"]
[WhiteElo "2164"]
[BlackElo "1939"]

1.d4 Nf6 2.Bg5 Ne4 3.Bf4 d5 4.Qd3 Nf6 5.Nc3 Nbd7 6.Nf3 c6 7.e4 Nh5 8.Be3 e5
9.O-O-O Qc7 10.Rg1 Be7 11.Qd2 Nf8 12.Kb1 Ng6 13.g3 Bg4 14.Be2 Nf6 15.Ne1 Bxe2
16.Qxe2 b5 17.Nd3 a5 18.dxe5 Nxe5 19.Nc5 O-O 20.f3 a4 21.Rd3 Rfb8  1-0

[Event "European Ind w 2012"]
[Site "Gaziantep TUR"]
[Date "2012.03.13"]
[Round "11"]
[White "Hoang Thanh Trang"]
[Black "Cmilyte,V"]
[Result "0-1"]
[WhiteElo "2438"]
[BlackElo "2497"]

1.d4 Nf6 2.Bg5 Ne4 3.Bf4 d5 4.e3 c5 5.Bd3 cxd4 6.Bxe4 dxe4 7.Qxd4 Qxd4 8.exd4 Nc6
9.c3 b6 10.Nd2 Bb7 11.O-O-O Nd8 12.f3 Ne6 13.Bg3 exf3 14.Ngxf3 g6 15.Be5 f6
16.Bg3 Bh6 17.Kb1 Nf4 18.Bxf4 Bxf4 19.Rhe1 Rc8 20.g3 Bh6 21.Re2 Ba6 22.Re6 Bd3+
23.Ka1 Bf5 24.Re2 Bd3 25.Re6 Kf7 26.Rde1 Rhe8 27.d5 Bf5 28.R6e2 Rcd8 29.c4 e6
30.Nb1 exd5 31.Rxe8 Rxe8 32.cxd5 Be4 33.Nd4 Bxd5 34.Rxe8 Kxe8 35.Nb5 Bg2
36.Nxa7 Be3 37.Nc3 Bg1 38.Ne2 Bxh2 39.Nb5 h5 40.Kb1 g5 41.Kc1 h4 42.gxh4 gxh4
43.Kd2 h3 44.Ke1 Be5 45.Kf2 Bc6  0-1

[Event "Reykjavik Open"]
[Site "Reykjavik ISL"]
[Date "2012.03.13"]
[Round "9.69"]
[White "Calder,D"]
[Black "Hansen,Erl"]
[Result "0-1"]
[WhiteElo "1948"]
[BlackElo "1793"]

1.d4 Nf6 2.Bg5 Ne4 3.Bf4 d6 4.e3 g5 5.Bg3 h5 6.f3 Nxg3 7.hxg3 Nd7 8.g4 h4
9.Nh3 e5 10.Nc3 Bg7 11.Qd2 f6 12.Bc4 Nf8 13.O-O-O Bd7 14.dxe5 fxe5 15.Kb1 Bf6
16.Qe2 Be7 17.g3 c6 18.gxh4 d5 19.Bb3 Rxh4 20.Nf2 Rxh1 21.Nxh1 Qc7 22.Qh2 O-O-O
23.Nf2 Ng6 24.Qh7 Be8 25.Ne2 Nh4 26.f4 exf4 27.exf4 gxf4 28.Nd4 Bg6 29.Qg7 Qd6
30.Qh6 Bxc2+  0-1

[Event "Nis Open 2012"]
[Site "Nis SRB"]
[Date "2012.03.15"]
[Round "5"]
[White "Djukic,Sa"]
[Black "Milenkovic,Ml"]
[Result "0-1"]
[WhiteElo "2203"]
[BlackElo "2397"]

1.d4 Nf6 2.Bg5 Ne4 3.Bf4 c5 4.d5 Qb6 5.Nd2 Qxb2 6.Nxe4 Qb4+ 7.c3 Qxe4 8.Qd2 e5
9.dxe6 dxe6 10.e3 Be7 11.Nf3 O-O 12.Bd3 Qa4 13.Bc2 Qa6 14.Rd1 Nc6 15.Ne5 Nxe5
16.Bxe5 b6 17.Bd3 c4 18.Bb1 Bb7 19.Qc2 f5 20.Qe2 Qa5 21.f4 Bf6 22.Bxf6 Rxf6
23.Qd2 Rg6 24.Rg1 Bf3 25.Rc1 Qd5 26.Qxd5 Bxd5 27.Kf2 Rc8 28.Rcd1 Rc5 29.g4 Rxg4
30.Rxg4 fxg4 31.e4 Bc6 32.Rd8+ Kf7 33.Rc8 Rb5 34.Rxc6 Rxb1 35.Rxc4 Rb2+ 36.Kg3 Rxa2
37.Kxg4 Rg2+ 38.Kf3 Rxh2 39.Rc7+ Kf6 40.Rxa7 Rh3+ 41.Kg4 Rxc3 42.e5+ Kg6
43.Re7 Rc6 44.Rb7 h6 45.Rb8 h5+ 46.Kf3 Rc3+ 47.Ke4 Rc4+ 48.Kf3 b5 49.Re8 b4
50.Rxe6+ Kf5 51.Re8 Rxf4+ 52.Kg3 Re4  0-1

[Event "European Ind w Rapid 2012"]
[Site "Gaziantep TUR"]
[Date "2012.03.16"]
[Round "7"]
[White "Stefanova,A"]
[Black "Bezgodova,S"]
[Result "1-0"]
[WhiteElo "2531"]
[BlackElo "2109"]

1.d4 Nf6 2.Bg5 Ne4 3.Bf4 c5 4.f3 Nf6 5.d5 d6 6.e4 g6 7.Nc3 Bg7 8.Qd2 O-O
9.Nge2 b5 10.Nxb5 Qb6 11.Nec3 a6 12.Na4 Qb7 13.Nbc3 Bd7 14.Rb1 Bb5 15.Be2 Nbd7
16.O-O Rfb8 17.b3 Qc7 18.Bh6 Bh8 19.Nb2 Nh5 20.Ncd1 Nb6 21.c4 Bd7 22.f4 Bd4+
23.Kh1 Nf6 24.Bf3 Bg4 25.Qe2 a5 26.Nc3 Qd7 27.Nb5  1-0

[Event "UTD GM Invitational"]
[Site "Richardson USA"]
[Date "2012.03.16"]
[Round "10"]
[White "Iotov,V"]
[Black "Leon Hoyos,M"]
[Result "1/2-1/2"]
[WhiteElo "2560"]
[BlackElo "2569"]

1.d4 Nf6 2.Bg5 Ne4 3.Bf4 c5 4.f3 Qa5+ 5.c3 Nf6 6.d5 d6 7.e4 g6 8.Na3 Bg7
9.Nc4 Qd8 10.a4 O-O  1/2-1/2

[Event "TCh-CZE Liga1 Vychod"]
[Site "Czech Rep CZE"]
[Date "2012.03.18"]
[Round "10"]
[White "Kourek,J"]
[Black "Fiala,Va"]
[Result "0-1"]
[WhiteElo "2136"]
[BlackElo "2163"]

1.d4 Nf6 2.Bg5 Ne4 3.Bf4 e6 4.f3 Bd6 5.Bxd6 Nxd6 6.e4 f5 7.Nc3 O-O 8.Qd2 b5
9.e5 b4 10.Nb5 Nxb5 11.Bxb5 a5 12.a3 Ba6 13.Bxa6 Nxa6 14.Ne2 Qh4+ 15.g3 Qe7
16.O-O Rfb8 17.a4 c6 18.Nf4 Nc7 19.Rfe1 Nd5 20.Nd3 Ra7 21.Nc5 f4 22.gxf4 Rf8
23.Re4 Rf5 24.c4 Nxf4 25.Qxf4 Rxf4 26.Rxf4 Qg5+ 27.Rg4 Qe3+ 28.Kg2 Qe2+ 29.Kg3 Ra8
30.Nxd7 Ra7 31.Nf6+ Kh8 32.Ne4 Qxb2 33.Rd1 Qc2 34.Rg1 b3 35.Rf4 h6 36.Kh3 b2  0-1

[Event "4th Coral Colon IM"]
[Site "Sabadell ESP"]
[Date "2012.03.23"]
[Round "7"]
[White "Avila Jimenez,J"]
[Black "Ryan,Jo"]
[Result "0-1"]
[WhiteElo "2329"]
[BlackElo "2289"]

1.d4 Nf6 2.Bg5 Ne4 3.Bf4 d5 4.f3 Nf6 5.Nc3 e6 6.Qd2 Bb4 7.a3 Be7 8.e4 O-O
9.Bd3 c5 10.dxc5 Bxc5 11.Nge2 Nc6 12.Na4 Be7 13.exd5 Nxd5 14.Bg3 Bg5 15.f4 Bf6
16.O-O b6 17.Rad1 Qe8 18.Nac3 Nxc3 19.Nxc3 Bb7 20.f5 Bd4+ 21.Kh1 exf5 22.Bd6 g6
23.Nb5 Bg7 24.Nc7 Qd7 25.Bxf8 Rxf8 26.Nb5 Ne5 27.Be2 Qc6 28.Rg1 Nc4 29.Bxc4 Qxc4
30.Nd6 Qc6 31.Nxb7 Qxb7 32.c4 Qe4 33.b3 h5 34.Rge1 Qg4 35.Qd7 a5 36.Qd6 a4
37.Qxb6 axb3 38.Qxb3 Rc8 39.c5 Rxc5 40.Rd8+ Kh7 41.Qxf7 Rc2 42.Qb7 Qe2 43.Rdd1 Rd2
44.Rb1 Qd3 45.a4 h4 46.h3 Kh6 47.Qe7 Qg3 48.Re2 Rxe2 49.Qxe2 Be5 50.Kg1 Qh2+
51.Kf1 Qh1+ 52.Kf2 Bg3+ 53.Kf3 Qxb1 54.Qe3+ Kh5  0-1

[Event "4th Coral Colon IM"]
[Site "Sabadell ESP"]
[Date "2012.03.23"]
[Round "7"]
[White "Rojas Keim,L"]
[Black "Cruz,F"]
[Result "1-0"]
[WhiteElo "2418"]
[BlackElo "2428"]

1.d4 Nf6 2.Bg5 Ne4 3.Bf4 c5 4.f3 Nf6 5.dxc5 Na6 6.e4 Nxc5 7.e5 Ng8 8.Nc3 b6
9.Qd2 e6 10.h4 a6 11.h5 h6 12.O-O-O Ne7 13.Nh3 Nc6 14.Nf2 Bb7 15.Nfe4 Nxe4
16.Nxe4 Rc8 17.c3 Na5 18.Nd6+ Bxd6 19.exd6 b5 20.Kb1 Nc4 21.Qf2 O-O 22.Bc1 e5
23.g4 e4 24.Rg1 f6 25.fxe4 Bxe4+ 26.Ka1 Kh8 27.Qd4 Bh7 28.Bg2 a5 29.Rge1 Ne5
30.Bd5 Bg8 31.g5 Bxd5 32.Qxd5 b4 33.gxh6 bxc3 34.hxg7+ Kxg7 35.bxc3 Qe8 36.Bf4 Qf7
37.Qxf7+ Rxf7 38.Bxe5 fxe5 39.Rxe5 Rxc3 40.Rxa5 Rf6 41.Re5  1-0

[Event "13th EICC"]
[Site "Plovdiv BUL"]
[Date "2012.03.24"]
[Round "5.101"]
[White "Popov,Val"]
[Black "Nedilko,V"]
[Result "1/2-1/2"]
[WhiteElo "2546"]
[BlackElo "2392"]

1.d4 Nf6 2.Bg5 Ne4 3.Bf4 c5 4.f3 Qa5+ 5.c3 Nf6 6.d5 e6 7.e4 exd5 8.exd5 d6
9.Qd2 Be7 10.c4 Qd8 11.Nc3 O-O 12.g4 Ne8 13.O-O-O a6 14.h4 b5 15.Kb1 Nd7
16.g5 Nb6 17.cxb5 Nc7 18.bxa6 Nxa6 19.Bxa6 Rxa6 20.Qc2 g6 21.Kc1 Bf5 22.Qe2 Ra7
23.Qb5 Bd7 24.Qf1 Na4 25.Nge2 Qb6 26.b3 Rb8 27.Kd2 Nxc3 28.Nxc3 Qb4 29.Qc4 Rxa2+
30.Ke3 Rb2 31.Qxb4 Rxb4 32.Rb1 R2xb3 33.Rxb3 Rxb3 34.Kd2 Rb2+ 35.Ke3 Rb3
36.Kd2 Rb4 37.Ke3 Rb3  1/2-1/2

[Event "13th EICC"]
[Site "Plovdiv BUL"]
[Date "2012.03.24"]
[Round "5.128"]
[White "Smirnov,Arte"]
[Black "Givon,A"]
[Result "1-0"]
[WhiteElo "2436"]
[BlackElo "2340"]

1.d4 Nf6 2.Bg5 Ne4 3.Bf4 c5 4.f3 Qa5+ 5.c3 Nf6 6.d5 Qb6 7.Bc1 e6 8.e4 exd5
9.exd5 Bd6 10.Na3 O-O 11.Bd3 Re8+ 12.Ne2 Bf8 13.Nc4 Qd8 14.Ne3 d6 15.O-O Nbd7
16.Ng3 Ne5 17.Bc2 b5 18.a4 Bd7 19.h3 c4 20.f4 Ng6 21.axb5 Qb6 22.Qf3 Bxb5
23.Nf5 Ne7 24.Nd4 a6 25.g4 Nd7 26.g5 Qb7 27.Bd2 Kh8 28.h4 g6 29.f5  1-0

[Event "13th EICC"]
[Site "Plovdiv BUL"]
[Date "2012.03.27"]
[Round "7.70"]
[White "Shimanov,A"]
[Black "Jurcik,Mari"]
[Result "1-0"]
[WhiteElo "2591"]
[BlackElo "2467"]

1.d4 Nf6 2.Bg5 Ne4 3.Bf4 d5 4.e3 c5 5.Bd3 Nf6 6.c3 Nc6 7.Nd2 Bg4 8.Ngf3 e6
9.Qa4 c4 10.Be2 a6 11.Ne5 Bxe2 12.Kxe2 b5 13.Nxc6 Qb6 14.Qa5 Qxc6 15.a4 Rc8
16.axb5 axb5 17.Nf3 Nd7 18.Qa7 Qb6 19.Qxb6 Nxb6 20.Ra6 Na4 21.Rb1 Be7 22.Ra5 f6
23.Rxb5 Kf7 24.Rb7 Rhd8 25.Kd2 Ra8 26.Kc2 Ke8 27.Ra1 Rd7 28.Rb8+ Rxb8 29.Bxb8 Nxb2
30.Ne1 Rb7 31.Bg3 Kd7 32.Ra2 Nd3 33.Nxd3 cxd3+ 34.Kxd3 Bd6 35.Bxd6 Kxd6 36.h4 f5
37.f3 Rc7 38.g4 fxg4 39.fxg4 Ke7 40.Ra3 e5 41.Ra8 h6 42.Ra6 exd4 43.cxd4 Rc1
44.Ra7+ Kf6 45.Rd7 Rg1 46.Rd6+ Ke7 47.Rxd5 Rxg4 48.h5 g5 49.hxg6 Rxg6 50.Rh5 Kf7
51.d5 Ra6 52.e4 Kg6 53.Rh1 h5 54.e5 h4 55.e6 Kf6 56.Rxh4 Ra3+ 57.Kc2 Ke5
58.Rh8 Kd6 59.Rd8+ Ke7 60.Rd7+ Ke8 61.Rh7 Re3 62.Kd2 Re5 63.Rd7 Re4 64.Kd3 Re1
65.Kd4  1-0

[Event "13th EICC"]
[Site "Plovdiv BUL"]
[Date "2012.03.29"]
[Round "9.56"]
[White "Ponkratov,P"]
[Black "Pap,G"]
[Result "1-0"]
[WhiteElo "2607"]
[BlackElo "2538"]

1.d4 Nf6 2.Bg5 Ne4 3.Bf4 d5 4.Nd2 Bf5 5.c4 Nc6 6.Nxe4 Bxe4 7.f3 Bg6 8.e3 e6
9.cxd5 Qxd5 10.Ne2 O-O-O 11.Nc3 Bb4 12.Kf2 Qa5 13.Qc1 e5 14.dxe5 Bd3 15.Bxd3 Rxd3
16.Qc2 Rhd8 17.Rhd1 Nxe5 18.Bxe5 Rxd1 19.Rxd1 Rxd1 20.Nxd1 Qxe5 21.Qxh7 f5
22.Qg8+ Kd7 23.Qf7+ Kd8 24.f4  1-0

[Event "European Senior Teams 2012"]
[Site "Rogaska Slatina SLO"]
[Date "2012.03.29"]
[Round "3.3"]
[White "Dragasevic,S"]
[Black "Titorenko,N"]
[Result "1-0"]
[WhiteElo "2267"]
[BlackElo "2139"]

1.d4 Nf6 2.Bg5 Ne4 3.Bf4 c5 4.f3 Qa5+ 5.c3 Nf6 6.Nd2 cxd4 7.Nb3 Qb6 8.Qxd4 Nc6
9.Qxb6 axb6 10.Nd4 d6 11.Nb5 Kd8 12.e4 Be6 13.a3 Nd7 14.Be3 Nce5 15.f4 Nc4
16.Bc1 Na5 17.Be3 Bc4 18.O-O-O Bxf1 19.Rxf1 Nb3+ 20.Kc2 Nbc5 21.Bxc5 bxc5
22.Nf3 h6 23.Rd1 Nb6 24.b3 Rg8 25.c4 Nd7 26.e5 Ra6 27.Rd3 g5 28.fxg5 hxg5
29.exd6 exd6 30.Rhd1 Rg6 31.Rd5 Be7 32.Nd2 Re6 33.Nf1 Re2+ 34.R1d2 Rxd2+
35.Nxd2 Nb6 36.Rf5 f6 37.Ne4 d5 38.cxd5 Nc8 39.a4 Kd7 40.g4 c4 41.Kc3 cxb3
42.Kxb3 Kd8 43.Rf3 Rb6 44.Rh3 Na7 45.d6 Bf8 46.Rh8 Ke8 47.Nxf6+ Kf7  1-0

[Event "13th EICC"]
[Site "Plovdiv BUL"]
[Date "2012.03.31"]
[Round "11.63"]
[White "Ponkratov,P"]
[Black "Sebenik,M"]
[Result "1/2-1/2"]
[WhiteElo "2607"]
[BlackElo "2529"]

1.d4 Nf6 2.Bg5 Ne4 3.Bf4 d5 4.e3 e6 5.Nd2 Bd6 6.Nxe4 dxe4 7.f3 Nc6 8.Bb5 Bxf4
9.exf4 Qd6 10.Qd2 O-O 11.c3 Qd5 12.Qe2 exf3 13.Nxf3 b6 14.Bd3 Bb7 15.O-O Rad8
16.Rae1 Ne7 17.Ng5 h6 18.Bh7+ Kh8 19.Be4 Qa5 20.Nxf7+ Rxf7 21.Bxb7 Rf6 22.Qc4 c6
23.Rxe6 b5 24.Qb3 Qc7 25.Rxf6 gxf6 26.Qf7 Qxb7 27.Qxf6+ Kh7 28.Qf7+ Kh8 29.Rf3 Qc7
30.Rh3 Qd6 31.f5 Rg8 32.f6 Nf5 33.Rf3 Nh4 34.Rf2 Qd5 35.Qxd5 cxd5 36.g3 Ng6
37.Rf5 Rd8 38.Rh5 Kh7 39.g4 Nf8 40.Re5 Kg6 41.Re7 a6 42.Ra7 Rd6 43.f7 Kg7
44.Kf2 Ne6 45.h4 Nd8 46.f8=Q+ Kxf8 47.Ke3 Nf7 48.Kd3 Rg6 49.g5 hxg5 50.hxg5 Nxg5
51.Kc2 Ne4 52.Kb3 Rc6 53.Kb4 Nd6 54.Rh7 Nc4 55.b3 Ne3 56.Rh3 Nc2+ 57.Ka5 Ke7
58.a4 bxa4 59.Kxa4 Kd6 60.b4 Kc7 61.Kb3 Ne1 62.Rh7+ Kb6 63.Rd7 Nf3 64.Rxd5 Nd2+
65.Kb2 Ne4 66.Rd8 Rxc3 67.Rb8+ Kc7 68.Re8 Nd6 69.Re7+ Kd8 70.Ra7 Rc6 71.d5 Nc8
72.Rh7 Rd6 73.Kb3 Rxd5 74.Rg7 Rd7 75.Rxd7+ Kxd7 76.Ka4  1/2-1/2

[Event "Pobeskydi IM 2012"]
[Site "Frydek Mistek CZE"]
[Date "2012.04.04"]
[Round "3"]
[White "Tymrakiewicz,R"]
[Black "Worek,J"]
[Result "1/2-1/2"]
[WhiteElo "2289"]
[BlackElo "2255"]

1.d4 Nf6 2.Bg5 Ne4 3.Bf4 d5 4.Nf3 c5 5.e3 Nc6 6.Be2 Bg4 7.O-O e6 8.Nbd2 Nxd2
9.Qxd2 Bxf3 10.Bxf3 cxd4 11.exd4 Bd6 12.Rfe1 O-O 13.Bxd6 Qxd6 14.Re3 Qf4
15.c3 b5 16.Be2 b4 17.Bd3 g6 18.h4 bxc3 19.bxc3 Rac8 20.g3 Qf6 21.Kg2 e5
22.dxe5 Nxe5 23.Be2 Nc4 24.Bxc4 dxc4 25.Qe2 h5 26.Rb1 Rc7 27.Rd1 Qc6+ 28.Qf3 Qa6
29.Rd2 Rc5 30.Re7 Ra5 31.Rdd7 Rf5 32.Qe2 Qc6+ 33.Qe4 Qf6 34.Qd4 Qc6+ 35.Qe4 Qf6
36.Qe3 Qc6+ 37.Qe4  1/2-1/2

[Event "4th Coral Colon IM"]
[Site "Sabadell ESP"]
[Date "2012.04.04"]
[Round "9"]
[White "Gonzalez,RO"]
[Black "Ryan,Jo"]
[Result "0-1"]
[WhiteElo "2231"]
[BlackElo "2289"]

1.d4 Nf6 2.Bg5 Ne4 3.h4 c5 4.dxc5 Qa5+ 5.Nd2 Nxg5 6.hxg5 Qxc5 7.Ngf3 Nc6
8.e3 g6 9.c3 d6 10.Ne4 Qb6 11.Qd2 Bg7 12.Bc4 Na5 13.Be2 Be6 14.Rh4 O-O-O
15.b4 Nc6 16.a4 Kb8 17.a5 Qc7 18.a6 b6 19.Nd4 Nxd4 20.exd4 Rc8 21.Rc1 d5
22.Ng3 Qd6 23.Bd3 Rc7 24.Ne2 Bc8 25.f4 h6 26.Kf2 h5 27.Qe3 Bg4 28.g3 Rhc8
29.Rc2 Qd7 30.Rh1 Qe6 31.Rhc1 Qxe3+ 32.Kxe3 e6 33.Ng1 Bf8 34.Kd2 Bd6 35.Be2 Bf5
36.Bd3 h4 37.Bxf5 gxf5 38.Ne2 hxg3 39.Rg1 Bxb4 40.Rxg3 Bd6 41.Rh3 Rg8 42.Rc1 Kc8
43.Rch1 Kd7 44.Rh7 Kc6 45.R1h6 Bf8 46.Rh8 Rxh8 47.Rxh8 Bd6 48.Re8 Re7 49.Rd8 Bc7
50.Ra8 Kb5 51.Ke3 Kxa6 52.Ng3 Kb7 53.Rf8 a5 54.Nh5 a4 55.Kd3 b5 56.Rg8 Ba5
57.Ng3 Rc7 58.Ne2 b4 59.g6 fxg6 60.Rxg6 b3  0-1

[Event "4th Coral Colon IM"]
[Site "Sabadell ESP"]
[Date "2012.04.04"]
[Round "9"]
[White "Rojas Keim,L"]
[Black "Colon Garcia,E"]
[Result "1/2-1/2"]
[WhiteElo "2418"]
[BlackElo "2308"]

1.d4 Nf6 2.Bg5 Ne4 3.Bf4 e6 4.Nd2 Nxd2 5.Qxd2 d5 6.Nf3 Bd6 7.e3 O-O 8.Bd3 Bxf4
9.exf4 h6 10.O-O b6 11.Rfe1 Ba6 12.Bxa6 Nxa6 13.Ne5 Qd6 14.c3 c5 15.Re3 f6
16.Ng6 Rfe8 17.Rae1 Nc7 18.g3 Kf7 19.Nh4  1/2-1/2

[Event "35th San Sebastian Open"]
[Site "Donostia ESP"]
[Date "2012.04.05"]
[Round "7"]
[White "Aranaz Portugues,J"]
[Black "Bellia,F"]
[Result "1-0"]
[WhiteElo "2177"]
[BlackElo "2436"]

1.d4 Nf6 2.Bg5 Ne4 3.Bf4 d5 4.e3 g6 5.Bd3 Bg7 6.Bxe4 dxe4 7.Nd2 c5 8.c3 cxd4
9.cxd4 Bf5 10.Ne2 Nc6 11.Nc3 e5 12.dxe5 Nxe5 13.Bxe5 Bxe5 14.Qa4+ Qd7 15.Qxd7+ Bxd7
16.Ndxe4 f5 17.Nc5 Bc6 18.O-O Ke7 19.Nb3 Rhd8 20.Rfd1 f4 21.Nd4 Be8 22.Rd2 fxe3
23.fxe3 Rac8 24.Rad1 Bf7 25.g3 a6 26.Kg2 Bg7 27.Nde2 Rxd2 28.Rxd2 Rc5 29.a3 b5
30.Nd4 Bc4 31.Kf2 Rc8 32.g4 Rf8+ 33.Nf3 Be6 34.Kg3 Rc8 35.Ne4 Rc4 36.Nf2 Rc1
37.h3 Rb1 38.Nd4 Be5+ 39.Kf3 Bd5+ 40.e4 Bb7 41.b4 Rg1 42.Ne2 Ra1 43.Rd3 Bb2
44.Nd4 Bxd4 45.Rxd4 Rxa3+ 46.Kf4 Ra2 47.Nd3 Rd2 48.Ke5 Bc8 49.Nf4 Rh2 50.Nd5+ Kf7
51.Nf6 Rxh3 52.Rd8 Rc3 53.g5 Bb7 54.Rd7+ Kf8 55.Rxb7  1-0

[Event "43rd Mar del Plata Open"]
[Site "Mar del Plata ARG"]
[Date "2012.04.06"]
[Round "8"]
[White "Leskovar,Mat"]
[Black "Mareco,S"]
[Result "0-1"]
[WhiteElo "2257"]
[BlackElo "2579"]

1.d4 Nf6 2.Bg5 Ne4 3.Bf4 c5 4.f3 Qa5+ 5.c3 Nf6 6.Nd2 cxd4 7.Nb3 Qf5 8.Bxb8 Rxb8
9.Qxd4 b6 10.e4 Qf4 11.Ne2 Qc7 12.e5 Ng8 13.Ng3 Nh6 14.Rd1 e6 15.f4 Be7 16.Bd3 f5
17.Be2 Nf7 18.O-O g6 19.Qc4 Qxc4 20.Bxc4 h5 21.Ne2 g5 22.g3 h4 23.g4 fxg4
24.Ned4 a6 25.f5 Nxe5 26.Bxe6 dxe6 27.Rde1 Nf3+ 28.Nxf3 gxf3 29.Rxf3 exf5
30.Nd4 Rb7 31.Nxf5 Bxf5 32.Rxf5 Kd8  0-1